[Event "Leiden SB-ch 1920"]
[Site "Leiden"]
[Date "2021.07.09"]
[Round "7"]
[White "Van Briemen, Willem Jan"]
[Black "Van der Velden, Bram"]
[Result "0-1"]
[WhiteElo "2005"]
[BlackElo "2186"]
[PlyCount "100"]
[EventDate "2019.11.08"]
[EventType "swiss"]
[EventRounds "7"]
[EventCountry "NED"]
[SourceTitle "EXT 2023"]
[Source "ChessBase"]
[SourceDate "2022.10.05"]
[SourceVersion "1"]
[SourceVersionDate "2022.10.05"]
[SourceQuality "1"]

1. d4 d5 2. c4 e6 3. Nc3 a6 4. Nf3 dxc4 5. a4 Nc6 6. e4 Na5 7. Be3 Bb4 8. Nd2 Bxc3 9. bxc3 b5 10. Qb1 Bd7 11. Be2 Ne7 12. 0-0 0-0 13. h4 f5 14. exf5 exf5 15. Bg5 h6 16. Bxe7 Qxe7 17. Bf3 Ra7 18. axb5 axb5 19. Qb4 Qxb4 20. cxb4 Nc6 21. Bxc6 Rxa1 22. Bxd7 Ra2 23. Nb1 Rb2 24. Nc3 Rxb4 25. Nxb5 Rd8 26. Bc6 Rb8 27. Nxc7 c3 28. Na6 Rb1 29. Ba4 R8b2 30. g3 c2 31. Bxc2 Rxf1+ 32. Kxf1 Rxc2 33. Nc5 Rd2 34. f4 Kf7 35. Nd7 Ke6 36. Ne5 Kd5 37. Nf3 Rd3 38. Kf2 Ke4 39. Ne5 Rd2+ 40. Kf1 Ra2 41. Kg1 Kxd4 42. Kf1 Ke4 43. Kg1 Rb2 44. Kf1 Rb5 45. Kf2 g5 46. hxg5 hxg5 47. Nc4 Kd4 48. Nd6 Rd5 49. Nf7 gxf4 50. gxf4 Ke4 0-1

[Event "Leiden SB-ch 1920"]
[Site "Leiden"]
[Date "2019.11.08"]
[Round "1"]
[White "Van Briemen, Willem Jan"]
[Black "Van der Werf, Mark"]
[Result "0-1"]
[WhiteElo "2005"]
[BlackElo "2391"]
[PlyCount "126"]
[EventDate "2019.11.08"]
[EventType "swiss"]
[EventRounds "7"]
[EventCountry "NED"]
[SourceTitle "EXT 2023"]
[Source "ChessBase"]
[SourceDate "2022.10.05"]
[SourceVersion "1"]
[SourceVersionDate "2022.10.05"]
[SourceQuality "1"]

1. d4 Nf6 2. Nf3 e6 3. c4 c5 4. d5 exd5 5. cxd5 d6 6. Nc3 g6 7. h3 a6 8. a4 Qe7 9. Bf4 Bg7 10. e3 0-0 11. Be2 Nbd7 12. 0-0 Ne8 13. e4 Ne5 14. Nxe5 Bxe5 15. Bxe5 Qxe5 16. f4 Qe7 17. Bc4 Rb8 18. Re1 b5 19. axb5 axb5 20. Nxb5 Qh4 21. Qd2 Bd7 22. Nc3 Ng7 23. Rab1 Nh5 24. Rf1 Rfe8 25. Qf2 Qxf2+ 26. Rxf2 Ng3 27. Re1 f5 28. e5 Re7 29. Kh2 Nh5 30. g3 Kf8 31. b3 Ra8 32. Ree2 Ng7 33. exd6 Rxe2 34. Rxe2 Ne8 35. Re7 Nf6 36. Nb5 Ra2+ 37. Kg1 Ra6 38. Re6 Ne4 39. Rxe4 fxe4 40. Nc3 Ra1+ 41. Kf2 Bxh3 42. Nxe4 Ra5 43. Ng5 Bc8 44. Nxh7+ Ke8 45. Nf6+ Kd8 46. Ne4 Bf5 47. Kf3 Kd7 48. g4 Bxe4+ 49. Kxe4 Kxd6 50. f5 gxf5+ 51. Kxf5 Ra2 52. g5 Rf2+ 53. Kg6 Rg2 54. Kf6 Rf2+ 55. Kg7 Ke7 56. g6 Kd6 57. Kg8 Rg2 58. g7 Ke7 59. d6+ Kf6 60. Bb5 Rxg7+ 61. Kf8 Rb7 62. Ke8 Rb8+ 63. Kd7 Rxb5 0-1

[Event "Leiden op-A 10th"]
[Site "Leiden"]
[Date "2016.07.19"]
[Round "5"]
[White "Van Briemen, Willem Jan"]
[Black "Lentjes, Noud"]
[Result "0-1"]
[WhiteElo "2047"]
[BlackElo "2250"]
[PlyCount "38"]
[EventDate "2016.07.15"]
[EventType "swiss"]
[EventRounds "9"]
[EventCountry "NED"]
[SourceTitle "CBM 173 Extra"]
[Source "ChessBase"]
[SourceDate "2016.08.29"]
[SourceVersion "1"]
[SourceVersionDate "2016.08.29"]
[SourceQuality "1"]

1. d4 d5 2. c4 c6 3. Nf3 Nf6 4. Nc3 dxc4 5. a4 Bf5 6. e3 e6 7. Bxc4 Bb4 8. 0-0 0-0 9. Qe2 Nbd7 10. e4 Bg6 11. Bd3 Bh5 12. e5 Nd5 13. Ne4 Be7 14. Bg5 Bxf3 15. Qxf3 Bxg5 16. Qh5 Nf4 17. Nf6+ Nxf6 18. Qxg5 Nxd3 19. exf6 Qxf6 0-1

[Event "Leiden op-A 9th"]
[Site "Leiden"]
[Date "2015.07.20"]
[Round "4"]
[White "Brantjes, Yme"]
[Black "Van Briemen, Willem Jan"]
[Result "0-1"]
[WhiteElo "1937"]
[BlackElo "2041"]
[PlyCount "88"]
[EventDate "2015.07.17"]
[EventType "swiss"]
[EventRounds "9"]
[EventCountry "NED"]
[SourceTitle "CBM 167 Extra"]
[Source "ChessBase"]
[SourceDate "2015.09.14"]
[SourceVersion "1"]
[SourceVersionDate "2015.09.14"]
[SourceQuality "1"]

1. e4 e6 2. d4 d5 3. Nc3 Bb4 4. exd5 exd5 5. Bd3 Nc6 6. a3 Bxc3+ 7. bxc3 Nge7 8. Qf3 Be6 9. Ne2 Qd7 10. 0-0 Bf5 11. Ng3 Bxd3 12. cxd3 0-0 13. h4 Rfe8 14. h5 h6 15. a4 Na5 16. Ba3 b6 17. Rfe1 Rad8 18. Ra2 Nc8 19. Rae2 Rxe2 20. Rxe2 Qxa4 21. Bb4 Nb7 22. Nf5 Nbd6 23. Bxd6 Nxd6 24. Re7 Nxf5 25. Qxf5 Rf8 26. Rxc7 a5 27. c4 dxc4 28. dxc4 Qd1+ 29. Kh2 Qxd4 30. Rc8 Qd6+ 31. Kg1 Qd1+ 32. Kh2 Qd6+ 33. Kg1 Rd8 34. c5 bxc5 35. Rxc5 a4 36. Ra5 Qb4 37. g3 a3 38. Ra7 Qb3 39. Qa5 Rd1+ 40. Kg2 Qd3 41. Qc5 Qe4+ 42. f3 Qe2+ 43. Qf2 Qd3 44. Qc5 Qf1+ 0-1

[Event "Leiden op-A 9th"]
[Site "Leiden"]
[Date "2015.07.17"]
[Round "1"]
[White "Pijpers, Arthur"]
[Black "Van Briemen, Willem Jan"]
[Result "1-0"]
[WhiteElo "2433"]
[BlackElo "2041"]
[PlyCount "67"]
[EventDate "2015.07.17"]
[EventType "swiss"]
[EventRounds "9"]
[EventCountry "NED"]
[SourceTitle "CBM 167 Extra"]
[Source "ChessBase"]
[SourceDate "2015.09.14"]
[SourceVersion "1"]
[SourceVersionDate "2015.09.14"]
[SourceQuality "1"]

1. e4 e6 2. d4 d5 3. Nc3 Bb4 4. e5 c5 5. a3 Bxc3+ 6. bxc3 Ne7 7. Qg4 0-0 8. Bd3 f5 9. exf6 Rxf6 10. Bg5 Rf7 11. Qh5 g6 12. Qd1 Qa5 13. Nf3 Nbc6 14. Bd2 c4 15. Be2 e5 16. Nxe5 Nxe5 17. dxe5 Nc6 18. f4 Qc5 19. Qc1 d4 20. 0-0 Bf5 21. Kh1 Rd8 22. Bf3 Rfd7 23. Qb2 d3 24. cxd3 Rxd3 25. Be1 Na5 26. Qb4 Qc7 27. Bh4 R8d7 28. Rae1 Be6 29. Be4 Nc6 30. Qc5 Rxc3 31. f5 gxf5 32. Bxf5 Bxf5 33. e6 Ne7 34. exd7 1-0

[Event "Leiden SB-chA"]
[Site "Leiden"]
[Date "2014.06.24"]
[Round "7"]
[White "Sikkel, Dirk"]
[Black "Van Briemen, Willem Jan"]
[Result "1/2-1/2"]
[WhiteElo "1938"]
[BlackElo "2016"]
[PlyCount "69"]
[EventDate "2014.05.13"]
[EventType "swiss"]
[EventRounds "7"]
[EventCountry "NED"]
[SourceTitle "EXT 2015"]
[Source "ChessBase"]
[SourceDate "2014.11.20"]
[SourceVersion "1"]
[SourceVersionDate "2014.11.20"]
[SourceQuality "1"]

1. e4 e6 2. d4 d5 3. Nd2 Nf6 4. e5 Nfd7 5. Bd3 c5 6. c3 Nc6 7. Ne2 cxd4 8. cxd4 f6 9. exf6 Nxf6 10. Nf3 Bd6 11. 0-0 Qb6 12. Bf4 Bxf4 13. Nxf4 Qxb2 14. Re1 0-0 15. Nxe6 Bxe6 16. Rxe6 Rae8 17. Rxe8 Rxe8 18. Rb1 Qxa2 19. Rxb7 Ne4 20. Qc2 Qxc2 21. Bxc2 Nd6 22. Rb1 Rc8 23. Kf1 Na5 24. Ba4 Rc7 25. Ne5 Kf8 26. Bd7 Ke7 27. Bg4 Nac4 28. Rb8 Nxe5 29. dxe5 Nc4 30. e6 Ne5 31. Bh3 Nc6 32. Rg8 Kf6 33. Rf8+ Ke7 34. Rg8 Kd6 35. f4 1/2-1/2

[Event "Leiden SB-chA"]
[Site "Leiden"]
[Date "2014.06.17"]
[Round "6"]
[White "Van Drunick, Jan Willem"]
[Black "Van Briemen, Willem Jan"]
[Result "1-0"]
[WhiteElo "1908"]
[BlackElo "2016"]
[PlyCount "61"]
[EventDate "2014.05.13"]
[EventType "swiss"]
[EventRounds "7"]
[EventCountry "NED"]
[SourceTitle "EXT 2015"]
[Source "ChessBase"]
[SourceDate "2014.11.20"]
[SourceVersion "1"]
[SourceVersionDate "2014.11.20"]
[SourceQuality "1"]

1. e4 e6 2. d4 d5 3. Nd2 Nf6 4. e5 Nfd7 5. Bd3 c5 6. c3 Nc6 7. Ne2 cxd4 8. cxd4 f6 9. Nf4 Nxd4 10. Qh5+ Ke7 11. exf6+ Nxf6 12. Ng6+ hxg6 13. Qxh8 Kf7 14. Qh4 e5 15. Nf3 Nxf3+ 16. gxf3 Bf5 17. Bxf5 gxf5 18. Bg5 Qa5+ 19. Kf1 g6 20. Qh8 Qa6+ 21. Kg2 Rd8 22. Rac1 Rd7 23. Rc2 Be7 24. Rc8 Ke6 25. Bxf6 Bxf6 26. Qg8+ Kd6 27. Rf8 Be7 28. Qxg6+ Kc5 29. Qxa6 bxa6 30. Rxf5 Kd6 31. Re1 1-0

[Event "Leiden SB-ch"]
[Site "Leiden"]
[Date "2013.05.28"]
[Round "2"]
[White "Wantola, Ivo"]
[Black "Van Briemen, Willem Jan"]
[Result "1/2-1/2"]
[WhiteElo "2374"]
[BlackElo "2023"]
[PlyCount "99"]
[EventDate "2013.05.21"]
[EventType "swiss"]
[EventRounds "7"]
[EventCountry "NED"]
[SourceTitle "EXT 2014"]
[Source "ChessBase"]
[SourceDate "2013.11.20"]
[SourceVersion "1"]
[SourceVersionDate "2013.11.20"]
[SourceQuality "1"]

1. Nf3 Nf6 2. c4 c5 3. Nc3 Nc6 4. d4 cxd4 5. Nxd4 Qb6 6. Nc2 e6 7. e3 Be7 8. Be2 0-0 9. 0-0 Rd8 10. e4 d5 11. cxd5 exd5 12. exd5 Be6 13. Ne3 Nb4 14. Bc4 Qc5 15. Qb3 Nbxd5 16. Nexd5 Nxd5 17. Nxd5 Bxd5 18. Bxd5 Qxd5 19. Qxd5 Rxd5 20. Be3 Bc5 21. Rfd1 Rad8 22. Rxd5 Rxd5 23. Rc1 b6 24. Kf1 Kf8 25. Bxc5+ bxc5 26. Ke2 Ke7 27. Rc3 Ke6 28. f4 h5 29. Re3+ Kf6 30. Ra3 Rd7 31. Ra5 Rc7 32. Kd3 g6 33. g3 Kf5 34. b4 Kg4 35. Rxc5 Rd7+ 36. Ke3 Re7+ 37. Re5 Rb7 38. a3 Kh3 39. Rg5 Kxh2 40. f5 Rb6 41. fxg6 fxg6 42. b5 Kh3 43. a4 h4 44. gxh4 Kxh4 45. Rc5 Rb7 46. Rc4+ Kg3 47. Rc5 Kg4 48. a5 g5 49. a6 Rf7 50. Rc8 1/2-1/2

[Event "Leiden SB-ch"]
[Site "Leiden"]
[Date "2012.05.15"]
[Round "1"]
[White "Van Briemen, Willem Jan"]
[Black "Noordijk, Ed"]
[Result "1/2-1/2"]
[WhiteElo "2035"]
[BlackElo "1763"]
[PlyCount "46"]
[EventDate "2012.05.15"]
[EventType "swiss"]
[EventRounds "7"]
[EventCountry "NED"]
[SourceTitle "EXT 2018"]
[Source "ChessBase"]
[SourceDate "2017.10.13"]
[SourceVersion "1"]
[SourceVersionDate "2017.10.13"]
[SourceQuality "1"]

1. d4 d6 2. c4 Nf6 3. Nf3 Nbd7 4. Nc3 c6 5. e4 e5 6. Be2 Qc7 7. 0-0 Be7 8. b4 0-0 9. Qb3 exd4 10. Nxd4 Ne5 11. Nf3 Bg4 12. Nxe5 dxe5 13. Bxg4 Nxg4 14. f3 Qb6+ 15. c5 Bxc5+ 16. bxc5 Qxc5+ 17. Kh1 Nf2+ 18. Rxf2 Qxf2 19. Ba3 Rfd8 20. Qxb7 Rab8 21. Qc7 Qd4 22. Qa5 Rb5 23. Qc7 Rbb8 1/2-1/2

[Event "Leiden SB-ch"]
[Site "Leiden"]
[Date "2009.06.02"]
[Round "3"]
[White "Stork, Ornett J"]
[Black "Van Briemen, Willem Jan"]
[Result "1/2-1/2"]
[WhiteElo "2107"]
[BlackElo "1894"]
[PlyCount "87"]
[EventDate "2009.05.19"]
[EventType "swiss"]
[EventRounds "7"]
[EventCountry "NED"]
[SourceTitle "EXT 2012"]
[Source "ChessBase"]
[SourceDate "2011.11.24"]
[SourceVersion "1"]
[SourceVersionDate "2011.11.24"]
[SourceQuality "1"]

1. d4 d5 2. c4 c6 3. Nf3 Nf6 4. Nc3 dxc4 5. a4 Bf5 6. Ne5 Nbd7 7. Nxc4 Nb6 8. Ne5 Nbd7 9. Qb3 Nxe5 10. dxe5 Nd7 11. Qxb7 Nxe5 12. f4 Ng6 13. Qxc6+ Bd7 14. Qf3 e6 15. e4 Qb6 16. Bd3 Bc5 17. a5 Qb3 18. Qd1 Qb4 19. Bc2 0-0 20. Qxd7 Nxf4 21. Qd2 Be3 22. Qd1 Rfd8 23. Qf3 Bxc1 24. Rxc1 Nxg2+ 25. Qxg2 Qxb2 26. Ne2 Rac8 27. Rg1 g6 28. Qg5 f6 29. Qe3 Rxc2 30. Rxc2 Qxc2 31. Kf2 Qc7 32. Rg2 Qxa5 33. h4 Rd1 34. Rg1 Rd7 35. Rb1 Kg7 36. Rb2 Qe5 37. Ra2 Qh2+ 38. Kf3 Qxh4 39. Rxa7 Qh3+ 40. Ng3 e5 41. Qa3 Rxa7 42. Qxa7+ Kg8 43. Qe7 Qh4 44. Qe8+ 1/2-1/2

[Event "Leiden SB-ch"]
[Site "Leiden"]
[Date "2008.05.20"]
[Round "1"]
[White "Van Briemen, Willem Jan"]
[Black "Otto, Paul"]
[Result "1-0"]
[WhiteElo "1947"]
[BlackElo "1267"]
[PlyCount "45"]
[EventDate "2008.05.20"]
[EventType "swiss"]
[EventRounds "7"]
[EventCountry "NED"]
[SourceTitle "EXT 2012"]
[Source "ChessBase"]
[SourceDate "2011.11.24"]
[SourceVersion "1"]
[SourceVersionDate "2011.11.24"]
[SourceQuality "1"]

1. d4 d5 2. c4 c6 3. Nf3 Nf6 4. Nc3 e6 5. Bg5 Nbd7 6. e3 Bd6 7. Qc2 h6 8. Bh4 g5 9. Bg3 Bxg3 10. hxg3 Qa5 11. a3 c5 12. dxc5 Qxc5 13. b4 Qc7 14. c5 a6 15. Nxg5 b6 16. cxb6 Nxb6 17. Rc1 Bb7 18. Nxd5 Qxc2 19. Nxf6+ Ke7 20. Rxc2 Kxf6 21. Nxf7 Rac8 22. Rxc8 Nxc8 23. Nxh8 1-0

[Event "Leiden SB-ch"]
[Site "Leiden"]
[Date "2007.06.26"]
[Round "7"]
[White "Van Briemen, Willem Jan"]
[Black "Van Vliet, Jeffrey"]
[Result "1/2-1/2"]
[WhiteElo "1985"]
[BlackElo "2226"]
[PlyCount "100"]
[EventDate "2007.05.15"]
[EventType "swiss"]
[EventRounds "7"]
[EventCountry "NED"]
[SourceTitle "EXT 2012"]
[Source "ChessBase"]
[SourceDate "2011.11.24"]
[SourceVersion "1"]
[SourceVersionDate "2011.11.24"]
[SourceQuality "1"]

1. d4 Nf6 2. c4 e6 3. Nf3 b6 4. a3 Bb7 5. Nc3 d5 6. Bg5 Be7 7. e3 0-0 8. Bd3 Nbd7 9. 0-0 c5 10. cxd5 exd5 11. Rc1 c4 12. Bb1 b5 13. Qe2 Bc6 14. Ne5 Nxe5 15. dxe5 Ne4 16. Bxe7 Qxe7 17. f4 Nxc3 18. Rxc3 f6 19. Qh5 g6 20. exf6 Rxf6 21. Qg5 a5 22. f5 Kh8 23. h4 Raf8 24. Rcc1 Qf7 25. g4 gxf5 26. Rxf5 Rxf5 27. Bxf5 d4 28. Qh6 Qe7 29. exd4 Rf6 30. Qg5 Qd6 31. d5 Bxd5 32. Qe3 Bc6 33. Re1 Qd5 34. Be4 Qxe4 35. Qxe4 Bxe4 36. Rxe4 Rd6 37. Kf2 Rd2+ 38. Re2 Rd4 39. Kf3 b4 40. axb4 axb4 41. Re4 Rd2 42. Rxc4 Rxb2 43. Rc7 Rd2 44. Kf4 Rd4+ 45. Kf3 Kg8 46. Rb7 Rc4 47. h5 h6 48. Kg3 Rc3+ 49. Kf4 b3 50. Kf5 Rc5+ 1/2-1/2

[Event "Leiden SB-ch"]
[Site "Leiden"]
[Date "2007.05.22"]
[Round "2"]
[White "Hortensius, Kees"]
[Black "Van Briemen, Willem Jan"]
[Result "0-1"]
[WhiteElo "1457"]
[BlackElo "1985"]
[PlyCount "100"]
[EventDate "2007.05.15"]
[EventType "swiss"]
[EventRounds "7"]
[EventCountry "NED"]
[SourceTitle "EXT 2012"]
[Source "ChessBase"]
[SourceDate "2011.11.24"]
[SourceVersion "1"]
[SourceVersionDate "2011.11.24"]
[SourceQuality "1"]

1. e4 e5 2. Nc3 Nf6 3. f4 d5 4. fxe5 Nxe4 5. d3 Nxc3 6. bxc3 d4 7. Bb2 c5 8. Nf3 Nc6 9. Be2 Be7 10. 0-0 0-0 11. Qd2 Be6 12. a3 Bg4 13. Rae1 Bxf3 14. Bxf3 Bg5 15. Qf2 Be3 16. Rxe3 dxe3 17. Qxe3 Qb6 18. Ba1 c4 19. Qxb6 axb6 20. Bb2 Nxe5 21. Bxb7 Rad8 22. d4 Ng4 23. Bc1 Rfe8 24. h3 Ne3 25. Rf2 Nd1 26. Rf3 Re1+ 27. Rf1 Rxf1+ 28. Kxf1 Nxc3 29. Bb2 Na4 30. Ba1 c3 31. Bc6 Rxd4 32. Bxa4 Rxa4 33. Bxc3 Rc4 34. Bb4 Rxc2 35. Kg1 h5 36. h4 Kh7 37. Kh2 Kg6 38. Kg3 Kf5 39. Kf3 Rc4 40. g3 b5 41. Ba5 Rd4 42. Ke3 Rd1 43. Ke2 Ra1 44. Bb4 Ke4 45. Bc3 Ra2+ 46. Kd1 Rxa3 47. Bxg7 Rxg3 48. Bf6 Kd3 49. Ke1 Rf3 50. Bd8 b4 0-1

[Event "Leiden SB-ch"]
[Site "Leiden"]
[Date "2006.06.06"]
[Round "4"]
[White "Van Briemen, Willem Jan"]
[Black "Bakker, Joop"]
[Result "0-1"]
[WhiteElo "2001"]
[BlackElo "1850"]
[PlyCount "86"]
[EventDate "2006.05.16"]
[EventType "swiss"]
[EventRounds "7"]
[EventCountry "NED"]
[SourceTitle "EXT 2012"]
[Source "ChessBase"]
[SourceDate "2011.11.24"]
[SourceVersion "1"]
[SourceVersionDate "2011.11.24"]
[SourceQuality "1"]

1. d4 f5 2. Nc3 d5 3. Nf3 Nf6 4. Bg5 Nc6 5. e3 e6 6. Ne5 Be7 7. Nxc6 bxc6 8. Na4 Ne4 9. Bxe7 Qxe7 10. Bd3 0-0 11. 0-0 e5 12. c4 Nf6 13. cxd5 e4 14. Bc4 cxd5 15. Be2 Qd6 16. Qd2 Ba6 17. Bxa6 Qxa6 18. Nc5 Qd6 19. h3 Nh5 20. f4 g5 21. fxg5 f4 22. exf4 Rae8 23. Rae1 Ng3 24. Rf2 Nf5 25. Qc3 Re7 26. g4 Nh4 27. Qg3 Nf3+ 28. Rxf3 exf3 29. Rxe7 Qxe7 30. Qxf3 Qe1+ 31. Kg2 Qd2+ 32. Kh1 Qc1+ 33. Kh2 Qxb2+ 34. Kg3 Qxd4 35. Nd3 Re8 36. Ne5 Qg1+ 37. Kh4 Qe1+ 38. Kh5 Qe4 39. Qb3 Rxe5 40. fxe5 Qxe5 41. Qb8+ Kg7 42. Qxa7 h6 43. h4 Qe8+ 0-1

[Event "Leiden SB-ch"]
[Site "Leiden"]
[Date "2006.05.16"]
[Round "1"]
[White "Walraven, Maurice"]
[Black "Van Briemen, Willem Jan"]
[Result "0-1"]
[WhiteElo "1588"]
[BlackElo "2001"]
[PlyCount "74"]
[EventDate "2006.05.16"]
[EventType "swiss"]
[EventRounds "7"]
[EventCountry "NED"]
[SourceTitle "EXT 2012"]
[Source "ChessBase"]
[SourceDate "2011.11.24"]
[SourceVersion "1"]
[SourceVersionDate "2011.11.24"]
[SourceQuality "1"]

1. f4 d5 2. e3 c5 3. Nf3 Nc6 4. b3 Nf6 5. Bb2 e6 6. Be2 Be7 7. 0-0 0-0 8. Qe1 Ne8 9. a3 b6 10. d3 Bf6 11. Bxf6 Nxf6 12. Qh4 Ba6 13. Nbd2 Qc7 14. c4 dxc4 15. bxc4 e5 16. Ng5 h6 17. Nge4 Nxe4 18. Nxe4 exf4 19. Rxf4 Ne5 20. Qg3 Ng6 21. Rg4 Qxg3 22. Rxg3 Rad8 23. Nc3 Ne5 24. Rd1 Kh8 25. a4 Rd7 26. Nb5 Rfd8 27. Na3 Nxd3 28. Bg4 Rd6 29. Nb5 Bxb5 30. axb5 Ne5 31. Rxd6 Rxd6 32. Be2 Rd2 33. Kf1 Rc2 34. e4 Nxc4 35. Bxc4 Rxc4 36. Ra3 Rxe4 37. Rxa7 Rb4 0-1